Ryan Humphrey
Texas A
Categories
Science - Biology | 0 | 8 | 1 | 3 | 75 | 95 | 114.25 | 1 | 8 |
Fine Arts - Auditory Fine Arts | 0 | 3 | 0 | 1 | 30 | 92 | 117.00 | 2 | 3 |
Social Science | 0 | 3 | 0 | 1 | 30 | 85 | 106.00 | 3 | 3 |
Fine Arts - Visual Fine Arts | 0 | 3 | 1 | 0 | 25 | 83 | 102.00 | 2 | 3 |
Science - Chemistry | 0 | 3 | 1 | 0 | 25 | 59 | 93.33 | 2 | 3 |
Chemistry> | 0 | 2 | 0 | 0 | 20 | 108 | 114.00 | 0 | 2 |
Other Arts: Visual | 1 | 0 | 0 | 0 | 15 | 57 | 57.00 | 0 | 1 |
Other Science: Earth Science | 0 | 1 | 0 | 0 | 10 | 127 | 127.00 | 1 | 1 |
Ancient History and Archaeology | 0 | 1 | 1 | 1 | 5 | 132 | 132.00 | 0 | 1 |
History - American History | 0 | 1 | 1 | 0 | 5 | 82 | 82.00 | 1 | 1 |